000 01265cam a22003497a 4500
003 CHAP
005 20220329142902.0
008 041213d2004 mx a r 00110 spa d
010 _a89211
011 _a90183
035 _a100739
040 _cCHAP
090 _aTesis
100 0 0 _aMéndez López, Oswaldo.
_976527
245 1 0 _aEfecto del grado de dureza del agua en la calidad de la mezcla en tanque de aspersión de plaguicidas
_c/por Oswaldo Méndez López
260 _aChapingo, Méx. :
_bEl autor,
_c2004.
300 _a113 h. :
_bilus. ; gráfs.
502 _aTesis (Ing. Agr. Esp. en Parasitología Agrícola) - - UACH. Departamento de Parasitología Agrícola
590 _aALEPH
_b10
_c20130110
_lUCH01
_h1502
590 _aBATCH-UPD
_b10
_c20130110
_lUCH01
_h0508
590 _aBATCH-UPD
_b10
_c20130410
_lUCH01
_h0146
590 _aBATCH-UPD
_b10
_c20130913
_lUCH01
_h2243
590 _aCONVERSION
_b10
_c20130109
_lUCH01
_h1349
650 1 4 _aAgua
_xAnálisis.
_92280
650 1 4 _aPesticidas
_xAnálisis.
_987538
650 1 4 _aPesticidas
_xAplicación.
_987539
901 _aBK
905 _aLilia
942 _cFOLL
949 _aTesis
_bBC
_cTES
_d100739
_eTS1
_h43055
_i100739
_sb
949 _aTesis
_bBC
_cTES
_d33724000931697
_eTS2
_fc.2
_h43056
_i100739
_sb
999 _c89211
_d89211